000 01178cam a2200349 a 4500
001 40734
005 20230410101711.0
008 860610s1985 iaua b l000 0 eng
010 _a 86169993
035 _a(OCoLC)ocm12424723
040 _aDLC
_cDLC
020 _a0931789001 (pbk.)
020 _a9780931789007 (pbk.)
035 _a(OCoLC)12424723
043 _anwht---
_an-us-ia
050 1 4 _a110 N 6606.5
_bH699h 1985
082 0 0 _a709/.7294
_219
100 1 _aHoffman, L. G.
_q(Larry G.)
245 1 0 _aHaitian art :
_bthe legend and legacy of the nàive tradition /
_cL.G. Hoffman.
260 _aDavenport, Iowa :
_bPublished for the Davenport Art Gallery by Beaux Arts Fund Committee,
_c1985.
300 _a252 p. :
_bill. (some col.) ;
_c28 cm.
500 _aIncludes selected works from the permanent collection of Davenport Art Gallery.
504 _aBibliography: p. 250-251.
650 0 _aArt, Haitian.
650 0 _aPrimitivism in art
_zHaiti.
650 4 _aCEH
650 4 _aColección Estudios Haitianos
610 2 0 _aDavenport Municipal Art Gallery.
710 2 _aDavenport Municipal Art Gallery.
942 _2lcc
_cbk
994 _aC0
_bDRFGD
999 _c12332
_d12332